| 000 | 00721nam a2200169Ia 4500 | ||
|---|---|---|---|
| 999 |
_c3498 _d3498 |
||
| 020 | _a0749421649 | ||
| 020 | _a9780749421649 | ||
| 050 |
_aHV7924 _b.V71 |
||
| 100 | 1 | _aVilliers, Peter. | |
| 245 | 1 | 0 |
_aBetter police ethics : _ba practical guide / _cPeter Villiers. |
| 260 |
_aLondon : _bKogan Page, _c1997. |
||
| 300 |
_a224 pages. _c23cm. |
||
| 500 | _aIndex. | ||
| 505 | _aThe pressures of police work The fundamentals of ethics The moral pressures involved in the investigation of crime A short history of police ethics Adopting and using a code of ethics Logic and its uses Cases studies Policing protest and dissent The religious dimension Putting it together | ||
| 650 | 0 | _aPolice ethics. | |
| 942 | _cBK | ||